Prispievajú k vytváraniu profilu nového drevára

Podrobná bibliografia
Hlavný autor: Kaincová, Viera (Autor)
Médium: Článok
Jazyk:slovenčina
Fyzický popis:Fotogr.
ISSN:1335-7018
Predmet:

MARC

LEADER 00000nab a2200000 a 4500
001 vtls009319852
003 SK-MaSNL
005 20260305032544.0
008 250506c2008 xo |||||||||||000 b|slo
015 |a SNBRB2008/08  |2 snkbucl 
035 |a (uuid)6dc5ce35-6563-4434-bafe-8cbb3545b588 
035 |a urn:nbn:sk:snk-ab9eso 
035 |a (urnnbn)urn:nbn:sk:snk:ar-a08bt3 
038 |a SNKBUCL 
040 |a SNKBUCL  |b slo  |c SNKBUCL  |e AACR2 
041 0 |a slo 
044 |a xo  |c SK 
080 |a 373.6:674  |x (437.6)  |2 1997 
100 1 |a Kaincová, Viera  |4 aut  |9 1611994 
245 1 0 |a Prispievajú k vytváraniu profilu nového drevára  |c Viera Kaincová 
300 |b Fotogr. 
610 2 7 |a Stredné odborné učilište drevárske (Liptovský Hrádok, Slovensko)  |2 snkbucl  |9 165471 
651 7 |a Liptovský Hrádok (Slovensko)  |2 snkbucl  |9 30565 
651 7 |a Liptovský Mikuláš (Slovensko : okres)  |2 snkbucl  |9 31431 
773 0 |t Stolársky magazín  |g Roč. 9, č. 7-8 (2008), s. 60-61  |x 1335-7018 
850 |a Slovenská národná knižnica 
852 |a Slovenská národná knižnica 
954 |a odborná, vedecká literatúra pôvodná (slovenská)  |2 lita 
958 |a article13 
958 |a OND 
958 |a SK 
958 |a EUIPO 
999 |c 3320596  |d 3322526